|
|
|
|
| LEADER |
00000nam a2200000 a 4500 |
| 001 |
vtls011910875 |
| 003 |
SK-MaSNL |
| 005 |
20260331211800.0 |
| 008 |
201028 1716 gw 000 0 lat |
| 015 |
|
|
|a SNBHFA
|
| 040 |
|
|
|a SNBHF
|b slo
|c SNKHF
|e AACR2
|
| 041 |
0 |
|
|a lat
|
| 044 |
|
|
|a gw
|c DE
|
| 072 |
|
7 |
|a 2-1
|x Prirodzená teológia. Náboženská filozofia
|2 konspekt
|
| 080 |
|
|
|a 2-1
|2 2011
|
| 080 |
|
|
|a (043.3)
|2 2011
|
| 080 |
|
|
|a 14:2
|2 2011
|
| 100 |
1 |
|
|a Lange, Johann Christian
|4 dis
|4 aut
|9 837572
|
| 245 |
1 |
0 |
|a Dissertatio Theologica Inavgvralis De Antiqvissimo Et Novissimo Theologico h. e. De Iesv Christo: Totivs Verae Theologiae Centro, Ac Religionis Pantomysterio
|c Qvam Divina Adsistente Gratia, Indvliv Venerandi Ordinis Theologorvm, Praeside Svmme Reverendo Domino, Dn. Io. Christophoro Bielefeld, Doctore & Professore Theologo Primario, Ordinis sui h. t. Decano, Serenissimi Principis Hasso-Darmstadini Consiliario in Ecclesiasticis Supreme, Hassiaeque Superintendenti Primo, Patrono Ac Promotore Svo Maximopere Devenerando, Pro Licentia Conseqvendi Ivra Doctoratvs, In Alma Lvdoviciana Die XXII. Decembr. Ann. MDCCXVI. Procervm Excellentissimorvm Examini Pvblico Svbmittit Ioannes Christianvs Langivs. hucusque in Illustr. hac Acad. Prim. & Rational. atque antehac Moral Philosoph. Prof. P. Ordinar. nunc vocatus ac desiguatus Ecclesiar. Principat. Nassouico-Idsteiniens. Superint. Serenissimi Principis Concionat. Aul. & Consiliar. Ecclesiasticus.
|
| 260 |
|
|
|a Gissae
|b Apud Vidvae Ioh. Reinh. Vvlpii, & Eb. Henr. Lammers
|c MDCCXVI. [=1716]
|
| 300 |
|
|
|a [8], 76 strán
|c 22 cm
|
| 500 |
|
|
|a Rok vydania rímskymi číslicami
|
| 501 |
|
|
|a Príväzok 11. k: ZELTNER, Gustav Georg. Dissertatio Theologica Qva Scriptvra Sacra Divina Sva Lvce Radians. Altorfi Noricorvm: Typis Iod. Gvil. Kohlesii Acad. Typogr., MDCCXXII. [=1722].
|5 SNK IC 145041
|
| 504 |
|
|
|a Poznámky pod textom
|
| 510 |
4 |
|
|a VD18
|c 11296593-003
|
| 561 |
|
|
|a Z knižnice Učenej spoločnosti malohontskej.
|5 SNK IC 145041/prív.11
|
| 650 |
0 |
7 |
|a teológia
|2 SNKPH
|9 1814
|
| 650 |
0 |
7 |
|a náboženská filozofia
|2 SNKPH
|9 3774
|
| 655 |
|
7 |
|a dizertácie
|2 SNKPH
|9 70277
|
| 700 |
1 |
|
|a Bielefeld, Johann Christoph,
|d 1664-1727
|4 ths
|9 351777
|
| 700 |
2 |
|
|a Georgio Avgusto
|4 hnr
|9 837573
|
| 700 |
2 |
|
|a Vulpius, Johann Reinhard,
|c vdova
|4 prt
|9 837574
|
| 710 |
2 |
|
|a Učená spoločnosť malohontská
|4 fmo
|5 SNK IC 145041/prív.11
|9 205374
|
| 710 |
0 |
|
|a Vulpius, Johann Reinhard, vdova (Giessen, Nemecko),
|d 1710-1729
|4 prt
|9 837575
|
| 752 |
|
|
|a Nemecko
|d Giessen
|
| 852 |
|
|
|a snk
|b Historické fondy
|p IC 145041/prív.11
|
| 958 |
|
|
|a DD
|
| 999 |
|
|
|c 3360813
|d 3362743
|
| 952 |
|
|
|t MHC1300
|a SNK
|b SNK
|c SNK_HF
|y PREZ
|7 0
|p 17A1356773
|o snkIC 145041/prív.11
|i snk2020/346
|8 5
|0 0
|1 0
|4 0
|d 2020-01-14
|l 0
|r 2026-03-03 12:05:41
|w 2026-03-03
|